[Event "Bayern-chI Bank Hofmann 24th"]
[Site "Tegernsee"]
[Date "2021.11.05"]
[Round "7"]
[White "Zysk, Robert"]
[Black "Stuhler, Josef"]
[Result "1-0"]
[WhiteElo "2398"]
[BlackElo "1850"]
[PlyCount "49"]
[EventDate "2021.10.30"]
[EventType "swiss"]
[EventRounds "9"]
[EventCountry "GER"]
[SourceTitle "CBM 205 Extra"]
[Source "ChessBase"]
[SourceDate "2022.01.31"]
[SourceVersion "1"]
[SourceVersionDate "2022.01.31"]
[SourceQuality "1"]

1. Nf3 Nf6 2. d4 d5 3. c4 e6 4. Nc3 Be7 5. Bg5 0-0 6. e3 h6 7. Bxf6 Bxf6 8. Qb3 c6 9. Rd1 Nd7 10. Bd3 dxc4 11. Qxc4 Qe7 12. Bb1 Re8 13. 0-0 Nb6 14. Qd3 g6 15. Ne5 Bd7 16. f4 Rad8 17. Ne4 Bc8 18. Nxf6+ Qxf6 19. Qa3 Nd5 20. Rf3 a6 21. Rg3 Ne7 22. e4 Kh7 23. Ng4 Qxf4 24. Rf1 Qg5 25. Nf6+ 1-0

[Event "Staufer op 20th"]
[Site "Schwaebisch Gmuend"]
[Date "2008.01.02"]
[Round "1"]
[White "Zeller, Frank"]
[Black "Stuhler, Josef"]
[Result "1-0"]
[WhiteElo "2439"]
[BlackElo "1963"]
[PlyCount "39"]
[EventDate "2008.01.02"]
[EventType "swiss"]
[EventRounds "9"]
[EventCountry "GER"]
[SourceTitle "CBM 122 Extra"]
[Source "ChessBase"]
[SourceDate "2008.03.04"]
[SourceVersion "1"]
[SourceVersionDate "2008.03.04"]
[SourceQuality "1"]

1. e4 d6 2. d4 Nf6 3. Nc3 g6 4. Be3 c6 5. Qd2 b5 6. Bd3 Nbd7 7. Nf3 e5 8. 0-0 Bb7 9. h3 Bg7 10. dxe5 dxe5 11. a4 b4 12. Ne2 Qe7 13. Ng3 0-0 14. c3 c5 15. cxb4 cxb4 16. Rfc1 Qd6 17. Bb5 Qxd2 18. Nxd2 Rfc8 19. Nc4 Bf8 20. Na5 1-0

[Event "Bayern-chI Bank Hofmann 6th"]
[Site "Bad Wiessee"]
[Date "2002.10.29"]
[Round "4"]
[White "Lupor, Stefan"]
[Black "Stuhler, Josef"]
[Result "1-0"]
[WhiteElo "2204"]
[BlackElo "1877"]
[PlyCount "75"]
[EventDate "2002.10.26"]
[EventType "swiss"]
[EventRounds "9"]
[EventCountry "GER"]
[SourceTitle "EXT 2003"]
[Source "ChessBase"]
[SourceDate "2002.11.25"]
[SourceVersion "1"]
[SourceVersionDate "2002.11.25"]
[SourceQuality "1"]

1. d4 Nf6 2. c4 e6 3. Nc3 d5 4. Nf3 Be7 5. Bg5 h6 6. Bh4 0-0 7. e3 b6 8. Bd3 dxc4 9. Bxc4 Bb7 10. 0-0 Nbd7 11. Qd3 c5 12. Rfd1 cxd4 13. exd4 Nd5 14. Bg3 N7f6 15. Bb3 Rc8 16. Rac1 Bd6 17. Ne5 Nxc3 18. Rxc3 Rxc3 19. bxc3 Nh5 20. Bc2 Nf6 21. Ng4 Ne4 22. Bxd6 Qxd6 23. f3 f5 24. fxe4 Bxe4 25. Nxh6+ gxh6 26. Qe2 Bxc2 27. Qxc2 Rf7 28. Re1 Rg7 29. Qe2 Kf7 30. Qf3 Qe7 31. Re5 Qg5 32. d5 Qc1+ 33. Kf2 Qd2+ 34. Kf1 Rg4 35. dxe6+ Ke7 36. Re2 Qd1+ 37. Re1 Qd2 38. Rb1 1-0

[Event "Regionalliga SW 0102"]
[Site "Bayern"]
[Date "2002.02.24"]
[Round "6.6"]
[White "Stuhler, Josef"]
[Black "Pleyer, Felix"]
[Result "1-0"]
[WhiteElo "1860"]
[BlackElo "1950"]
[PlyCount "70"]
[EventDate "2001.10.07"]
[EventType "team"]
[EventRounds "9"]
[EventCountry "GER"]
[SourceTitle "EXT 2003"]
[Source "ChessBase"]
[SourceDate "2002.11.25"]
[SourceVersion "1"]
[SourceVersionDate "2002.11.25"]
[SourceQuality "1"]
[WhiteTeam "Lauingen"]
[BlackTeam "Sonthofen"]
[WhiteTeamCountry "GER"]
[BlackTeamCountry "GER"]

1. d4 c5 2. c3 e6 3. e4 b6 4. Be3 Nf6 5. f3 Bb7 6. Bd3 d6 7. Nd2 Be7 8. Nh3 e5 9. 0-0 Bc8 10. Bb5+ Bd7 11. Bxd7+ Qxd7 12. Nf2 0-0 13. d5 Nh5 14. Nd3 f5 15. f4 exf4 16. Bxf4 Nf6 17. Bg5 fxe4 18. Bxf6 exd3 19. Bxe7 Qxe7 20. Rxf8+ Qxf8 21. Qg4 Na6 22. Qe6+ Kh8 23. Rf1 Qe8 24. Qxd6 Rd8 25. Qf4 h6 26. c4 b5 27. b3 bxc4 28. bxc4 Nb4 29. Ne4 Nc2 30. Nd6 Rxd6 31. Qxd6 Qe3+ 32. Kh1 d2 33. Qf8+ Kh7 34. Qf5+ Kh8 35. Qxc2 Qe2 1-0

[Event "Regionalliga SW 0102"]
[Site "Bayern"]
[Date "2002.02.03"]
[Round "5.6"]
[White "Friedrich, Wolfgang"]
[Black "Stuhler, Josef"]
[Result "1-0"]
[WhiteElo "1905"]
[BlackElo "1860"]
[PlyCount "69"]
[EventDate "2001.10.07"]
[EventType "team"]
[EventRounds "9"]
[EventCountry "GER"]
[SourceTitle "EXT 2003"]
[Source "ChessBase"]
[SourceDate "2002.11.25"]
[SourceVersion "1"]
[SourceVersionDate "2002.11.25"]
[SourceQuality "1"]
[WhiteTeam "Bobingen"]
[BlackTeam "Lauingen"]
[WhiteTeamCountry "GER"]
[BlackTeamCountry "GER"]

1. e4 c5 2. Nf3 e6 3. Nc3 Nc6 4. d3 a6 5. a4 d6 6. g3 g6 7. Bg2 Bg7 8. 0-0 Nge7 9. Be3 0-0 10. Qd2 Nd4 11. Rab1 Nec6 12. Ne2 e5 13. c3 Nxf3+ 14. Bxf3 Be6 15. Bg2 b5 16. axb5 axb5 17. b4 cxb4 18. cxb4 Ra2 19. Rb2 Qa8 20. Nc3 Rxb2 21. Qxb2 Qb7 22. Ra1 Rc8 23. Ne2 Ra8 24. Ra3 Rxa3 25. Qxa3 h6 26. h3 Kh7 27. f4 Bf6 28. Kh2 Bd8 29. g4 Bb6 30. Bd2 Qa7 31. Qc1 Nd4 32. Nxd4 Bxd4 33. f5 Bb3 34. Bxh6 Qa2 35. Bf8 1-0

[Event "Regionalliga SW 0001"]
[Site "Bayern"]
[Date "2000.10.15"]
[Round "1.8"]
[White "Stuhler, Josef"]
[Black "Winterkamp, Stefan"]
[Result "1-0"]
[WhiteElo "1835"]
[BlackElo "1945"]
[PlyCount "83"]
[EventDate "2000.10.15"]
[EventType "team-tourn"]
[EventRounds "9"]
[EventCountry "GER"]
[SourceTitle "EXT 2020"]
[Source "ChessBase"]
[SourceDate "2019.10.17"]
[SourceVersion "1"]
[SourceVersionDate "2019.10.17"]
[SourceQuality "1"]
[WhiteTeam "Lauingen"]
[BlackTeam "Klosterlechfeld"]
[WhiteTeamCountry "GER"]
[BlackTeamCountry "GER"]

1. d4 Nf6 2. Bg5 e6 3. e4 Be7 4. e5 Nd5 5. Bxe7 Qxe7 6. c4 Qb4+ 7. Nd2 Ne7 8. Qc2 Nbc6 9. Ngf3 Nf5 10. d5 Ncd4 11. Nxd4 Nxd4 12. Qd3 c5 13. Rb1 exd5 14. cxd5 d6 15. Qg3 Bf5 16. Bd3 Bxd3 17. Qxd3 dxe5 18. 0-0 0-0 19. a3 Qb5 20. Qxb5 Nxb5 21. f4 exf4 22. Ne4 b6 23. Rxf4 Rad8 24. Rd1 Nd4 25. Nc3 Rfe8 26. Kf1 Re5 27. Rf2 f6 28. Re1 Rxe1+ 29. Kxe1 Kf7 30. Kd2 f5 31. Kd3 g6 32. Kc4 a6 33. b4 cxb4 34. axb4 Nb5 35. Nxb5 axb5+ 36. Kxb5 Rd6 37. Rc2 Kf6 38. Rc6 Ke5 39. Rxd6 Kxd6 40. Kxb6 Kxd5 41. Ka6 Kc6 42. b5+ 1-0

[Event "Regionalliga SW 9798"]
[Site "Bayern"]
[Date "1998.??.??"]
[Round "?.4"]
[White "Englert, Berthold Georg"]
[Black "Stuhler, Josef"]
[Result "1/2-1/2"]
[WhiteElo "1999"]
[BlackElo "1775"]
[PlyCount "46"]
[EventDate "1997.10.??"]
[EventType "team-tourn"]
[EventRounds "9"]
[EventCountry "GER"]
[SourceTitle "EXT 2020"]
[Source "ChessBase"]
[SourceDate "2019.10.17"]
[SourceVersion "1"]
[SourceVersionDate "2019.10.17"]
[SourceQuality "1"]
[WhiteTeam "Garching"]
[BlackTeam "Lauingen"]
[WhiteTeamCountry "GER"]
[BlackTeamCountry "GER"]

1. d4 Nf6 2. c4 g6 3. Nc3 Bg7 4. e4 d6 5. f3 0-0 6. Bg5 Nbd7 7. Qd2 Re8 8. Nh3 c6 9. Be2 a5 10. Nf2 e5 11. d5 c5 12. Nb5 Nf8 13. a4 Qd7 14. g4 b6 15. b3 Ba6 16. Nc3 Ra7 17. 0-0-0 Kh8 18. Rdg1 Ng8 19. h4 h6 20. Be3 Nh7 21. Bf1 Qd8 22. h5 g5 23. Bd3 Qe7 1/2-1/2

[Event "Regionalliga SW 9798"]
[Site "Bayern"]
[Date "1997.??.??"]
[Round "?.5"]
[White "Stuhler, Josef"]
[Black "Killinger, Wilhelm"]
[Result "0-1"]
[WhiteElo "1775"]
[BlackElo "2030"]
[PlyCount "122"]
[EventDate "1997.10.??"]
[EventType "team-tourn"]
[EventRounds "9"]
[EventCountry "GER"]
[SourceTitle "EXT 2020"]
[Source "ChessBase"]
[SourceDate "2019.10.17"]
[SourceVersion "1"]
[SourceVersionDate "2019.10.17"]
[SourceQuality "1"]
[WhiteTeam "Lauingen"]
[BlackTeam "Obermenzing"]
[WhiteTeamCountry "GER"]
[BlackTeamCountry "GER"]

1. d4 Nf6 2. c4 g6 3. Nc3 Bg7 4. e4 d6 5. Nf3 0-0 6. Be2 e5 7. dxe5 dxe5 8. Qxd8 Rxd8 9. Bg5 Re8 10. 0-0-0 Bg4 11. h3 Bxf3 12. Bxf3 c6 13. Rd3 Nbd7 14. Rhd1 Nc5 15. Rd6 Ne6 16. Be3 Bf8 17. R6d2 Bc5 18. Bxc5 Nxc5 19. g3 a5 20. Rd6 Kg7 21. Kd2 Rad8 22. Ke3 Rxd6 23. Rxd6 Nfd7 24. Bg4 Nb6 25. Be2 Nc8 26. Rd2 Kf8 27. h4 Ke7 28. b3 Nd6 29. f4 f6 30. fxe5 fxe5 31. Rd1 Rf8 32. Rf1 Rxf1 33. Bxf1 h6 34. Be2 Kf6 35. Bf1 g5 36. hxg5+ Kxg5 37. Be2 h5 38. Kf3 h4 39. gxh4+ Kxh4 40. Bf1 Nf7 41. Ke3 Ng5 42. Be2 Nge6 43. Bd1 Nd4 44. Ne2 Nxe2 45. Bxe2 Kg3 46. Bh5 Ne6 47. Be8 c5 48. Bh5 Nd4 49. Bd1 Kg2 50. Kd3 Kf2 51. Bh5 Ne6 52. Kd2 Ng5 53. Bg6 Kf3 54. Kd3 Nh3 55. Bh5+ Kf4 56. Kc3 Nf2 57. Bg6 Nxe4+ 58. Kd3 Nd6 59. Ke2 e4 60. Bh5 Nf5 61. Bf7 Nd4+ 0-1

[Event "Regionalliga SW 9798"]
[Site "Bayern"]
[Date "1997.??.??"]
[Round "?.5"]
[White "Stuhler, Josef"]
[Black "Nissen, Jens"]
[Result "0-1"]
[WhiteElo "1775"]
[BlackElo "2035"]
[PlyCount "76"]
[EventDate "1997.10.??"]
[EventType "team-tourn"]
[EventRounds "9"]
[EventCountry "GER"]
[SourceTitle "EXT 2020"]
[Source "ChessBase"]
[SourceDate "2019.10.17"]
[SourceVersion "1"]
[SourceVersionDate "2019.10.17"]
[SourceQuality "1"]
[WhiteTeam "Lauingen"]
[BlackTeam "Pasing II"]
[WhiteTeamCountry "GER"]
[BlackTeamCountry "GER"]

1. d4 c5 2. c3 e6 3. Nf3 Nf6 4. Bf4 a6 5. Nbd2 cxd4 6. cxd4 b5 7. e4 d5 8. e5 Ne4 9. Bd3 Bb7 10. Qe2 Nxd2 11. Nxd2 Nc6 12. Be3 Be7 13. 0-0 Qb6 14. Rac1 h5 15. Nb3 g6 16. Nc5 Rd8 17. a3 Bxc5 18. Rxc5 Nxe5 19. Bf4 Nc6 20. Be5 Nxe5 21. Qxe5 0-0 22. Qf6 Rd7 23. f4 Qd8 24. Qe5 Qe7 25. Re1 Re8 26. Rec1 f6 27. Qe3 Kg7 28. Qg3 Qf7 29. Bb1 Ree7 30. Qd3 f5 31. b4 Qf6 32. R1c3 Qh4 33. g3 Qf6 34. Qe3 Kh7 35. Bd3 Rg7 36. Qc1 Qxd4+ 37. Kf1 e5 38. Bxf5 gxf5 0-1

[Event "Regionalliga SW 9697"]
[Site "Bayern"]
[Date "1997.??.??"]
[Round "?"]
[White "Stuhler, Josef"]
[Black "Schmidt, Thomas3333"]
[Result "1-0"]
[WhiteElo "1740"]
[BlackElo "1715"]
[PlyCount "45"]
[EventDate "1996.10.??"]
[EventType "team-tourn"]
[EventRounds "9"]
[EventCountry "GER"]
[SourceTitle "EXT 1999"]
[Source "ChessBase"]
[SourceDate "1998.11.16"]
[SourceVersion "1"]
[SourceVersionDate "1998.11.16"]
[SourceQuality "1"]
[WhiteTeam "Lauingen"]
[BlackTeam "Tuerkheim"]
[WhiteTeamCountry "GER"]
[BlackTeamCountry "GER"]

1. d4 d5 2. c4 e6 3. Nf3 Nf6 4. Bg5 Nbd7 5. Nc3 c6 6. e3 Qa5 7. Nd2 Bb4 8. Qc2 0-0 9. Be2 Re8 10. 0-0 e5 11. dxe5 Rxe5 12. Bf4 Re8 13. Nb3 Qb6 14. cxd5 Bxc3 15. dxc6 Bxb2 16. cxd7 Bxd7 17. Qxb2 Rac8 18. Rac1 Bc6 19. Be5 Nd5 20. Bxg7 Qd8 21. Bh6 Qf6 22. Qxf6 Nxf6 23. Nd4 1-0